The Malaysian Bureaucracy : four decades of development

Bibliographic Details
Main Author: ABDULLAH Sanusi Ahmad
Other Authors: Abdul Kuddus Ahmad 1939-, Norma Mansor
Format: Book
Published: Petaling Jaya, Selangor : Prentice Hall , 2003
Subjects:

MARC

LEADER 00000cam a2200000 7i4500
001 0000002696
005 20031110.0
020 0 0 |a 9839236962 
090 0 0 |a 352.6309595   |b ABD 2003 
100 0 0 |a ABDULLAH Sanusi Ahmad   |f Tan Sri Dato' 
245 1 4 |a The Malaysian Bureaucracy :   |b four decades of development   |c Abdullah Sanusi Ahmad, Norma Mansor, Abdul Kuddus Ahmad 
260 0 0 |a Petaling Jaya, Selangor :   |b Prentice Hall ,   |c 2003 
300 |a xiv, 274 p. :   |b ill. ;   |c 25 cm. 
500 0 0 |a Includes bibliography : p. (261-263) and index 
650 0 0 |a Bureaucracy   |z Malaysia 
650 0 0 |a Public administration   |z Malaysia 
700 0 1 |a Abdul Kuddus Ahmad   |f Dato' ,   |c 1939- 
700 0 1 |a Norma Mansor 
998 |a JPSM 
999 |a 0000004801   |b Monograph   |c Open Shelf   |e Default branch